Vyšší geodézie 1
| Main Author: | |
|---|---|
| Format: | Book |
| Language: | Undetermined |
| Published: |
Brno
VUT
1975
|
MARC
| LEADER | 00000nam a2200000 a 4500 | ||
|---|---|---|---|
| 001 | vtls001350366 | ||
| 003 | SK-MaSNL | ||
| 005 | 20260301114815.0 | ||
| 008 | 240318s1975 xr 0 und | ||
| 035 | |a SNK000303699 | ||
| 040 | |a SNK |b slo |c SNK |e AACR2 | ||
| 044 | |a xr |c CZ | ||
| 100 | 1 | |a Vykutil, Josef |4 aut |9 291635 | |
| 245 | 1 | 0 | |a Vyšší geodézie 1 |
| 260 | |a Brno |b VUT |c 1975 | ||
| 300 | |a 430 s. | ||
| 958 | |a OND | ||
| 999 | |c 719829 |d 721759 | ||
| 952 | |t P60, <04>, [BOOK], {604} |a SNK |b SNK |y VYP |7 0 |p 17A0172708 |o snkIC 62906/1 D1 |0 0 |1 1 |4 0 |d 1998-12-07 |l 0 |r 2005-01-02 00:00:00 |w 2026-02-23 | ||


